Poetæ minores Græci : Hesiodus, Theocritus, Moschus, ... Fragmenta quædam. Philemonis, Alexidis, Amphidis, ... Et aliorum incertorum autorum. Quibus subjungitur ... index utilis. Accedunt etiam observationes Radulphi Wintertoni in Hesiodum.

Bibliographic Details
Other Authors: Winterton, Ralph, 1600-1636
Format: eBook
Language:Latin
Published: Londini : Impensis W. Redmayne, pro A. & J. Churchill, 1712.
Series:Eighteenth century collections online.
Online Access:Full text online

MARC

Tag First Indicator Second Indicator Subfields
LEADER 00000cam a2200000 4500
001 in00001908421
006 m | d |
007 cr |n||||||||n
008 831012s1712 enk|||| s 00||||lat d
005 20260403173634.0
035 |a (CStRLIN)ESTCT145762 
040 |a Uk-ES  |c Uk-ES  |d CStRLIN  |d Thomson Gale  |d UtOrBLW 
245 0 0 |a Poetæ minores Græci :  |b Hesiodus, Theocritus, Moschus, ... Fragmenta quædam. Philemonis, Alexidis, Amphidis, ... Et aliorum incertorum autorum. Quibus subjungitur ... index utilis. Accedunt etiam observationes Radulphi Wintertoni in Hesiodum. 
264 1 |a Londini :  |b Impensis W. Redmayne, pro A. & J. Churchill,  |c 1712. 
300 |a 6 unnumbered pages, 531, 103 unnumbered pages ;  |c 8⁰. 
336 |a text  |b txt  |2 rdacontent 
337 |a computer  |b c  |2 rdamedia 
338 |a online resource  |b cr  |2 rdacarrier 
500 |a Parallel Latin and Greek texts. 
500 |a The index and Winterton's observations are unpaginated. 
500 |a Reproduction of original from the British Library. 
510 4 |a English Short Title Catalog,  |c ESTCT145762. 
533 |a Electronic reproduction.  |b Farmington Hills, Mich. :  |c Thomson Gale,  |d 2003.  |n Available via the World Wide Web.  |n Access limited by licensing agreements  |7 s2003 miunns 
500 |a Electronic resource. 
700 1 |a Winterton, Ralph,  |d 1600-1636. 
730 0 |a Observationes in Hesiodum. 
830 0 |a Eighteenth century collections online. 
856 4 0 |u http://proxy.library.tamu.edu/login?url=https://galenet.galegroup.com/servlet/ECCO?c=1&stp=Author&ste=11&af=BN&ae=T145762&tiPG=1&dd=0&dc=flc&docNum=CW111713370&vrsn=1.0&srchtp=a&d4=0.33&n=10&SU=0LRK&locID=txshracd2898  |z Full text online  |t 0 
999 |a MARS 
999 f f |s 7c48bdca-ef96-364f-b115-01a5fb8f01a3  |i c911eee9-5a83-34f3-8e12-df2fded34537  |t 0 
952 f f |a Texas A&M University  |b College Station  |c Electronic Resources  |s www_evans  |d Available Online  |t 0  |h No information provided 
998 f f |t 0  |l Available Online